| 000 | 00868cam a2200289 a 4500 | ||
|---|---|---|---|
| 001 | 000003405 | ||
| 003 | DO-SdBNP | ||
| 005 | 20250526112312.0 | ||
| 007 | 000003405 | ||
| 008 | 841203s 2008 ck 000 f spa d | ||
| 020 | _a9789945406726 | ||
| 040 |
_aBPMSU _cspa _dBPMSU |
||
| 082 | 4 |
_a823 _bS847is 2008 _222 |
|
| 100 | 1 |
_aStevenson, Robert Louis, _d1850-1894 |
|
| 245 | 1 | 3 |
_aLa isla del tesoro / _cRobert Louis Stevens ; Ilustraciones José Lovera |
| 260 |
_aSanto Domingo : _bTobogán, _c2008 |
||
| 300 |
_a102 p. ; _c22 cm. |
||
| 490 | 0 | _aClásicos universales | |
| 534 | _aTítulo original: Treasure island | ||
| 590 | _6Inventariado,2022/VM | ||
| 650 | 4 | _aNovela infantil inglesa | |
| 650 | 4 | _aLiteratura infantil inglesa | |
| 700 | 1 | _aTorres Oliver, Francisco, | |
| 830 | 0 | _aClásicos universales | |
| 910 | _a VMateo V./Validado | ||
| 942 |
_2ddc _cBK |
||
| 999 |
_c7388 _d7388 |
||